| 000 | 00825nam a2200229 u 4500 | ||
|---|---|---|---|
| 001 | 000061262 | ||
| 005 | 20200120223943.0 | ||
| 008 | 140702s2008 ck r| 000 0 spa d | ||
| 020 | _a9789588361413 | ||
| 041 | 0 | _aYspa | |
| 043 | _ac-k---- | ||
| 082 | 0 | 4 |
_a613.62 _bB25 _221 |
| 110 | 1 | 1 | _1Colombia. Ministerio de la protección social |
| 245 | 1 | 0 | _aGuía de atención integral de salud ocupacional basada en evidencia para trabajadores expuestos a Benceno y sus derivado (Gatiso-BTX-EB). |
| 260 |
_aBogotá : _bMinisterio de la protección social ; Pontificia Universidad Javeriana, _c2008. |
||
| 300 |
_a169 p. ; _e27 cm. |
||
| 500 | _aIncluye índice | ||
| 650 | 1 | 7 |
_aBenceno _xsalud ocupacional _2LEMB |
| 650 | 2 | 7 |
_aEnfermedades ocupacionales _2LEMB |
| 650 | 2 | 7 |
_aClorobenceno _2LEMB |
| 650 | 2 | 7 |
_aEstireno _xbenceno _2LEMB |
| 999 |
_c7622 _d7622 |
||